Communism in transition (Record no. 1078719)

MARC details
000 -LEADER
fixed length control field 00659nam a2200253Ia 4500
003 - CONTROL NUMBER IDENTIFIER
control field OSt
005 - DATE AND TIME OF LATEST TRANSACTION
control field 20221006144014.0
008 - FIXED-LENGTH DATA ELEMENTS--GENERAL INFORMATION
fixed length control field 221006b |||||||| |||| 00| 0 eng d
037 ## - SOURCE OF ACQUISITION
Terms of availability Textual
040 ## - CATALOGING SOURCE
Original cataloging agency EASL
Transcribing agency EASL
Language of cataloging eng
041 ## - LANGUAGE CODE
Source of code eng
Language code of text/sound track or separate title eng
100 ## - MAIN ENTRY--PERSONAL NAME
Personal name YODER Amos
245 #0 - TITLE STATEMENT
Title Communism in transition
Remainder of title The end of the Soviet empires
260 ## - PUBLICATION, DISTRIBUTION, ETC.
Place of publication, distribution, etc. Washington
Name of publisher, distributor, etc. Taylor & Francis
Date of publication, distribution, etc. 1993
300 ## - PHYSICAL DESCRIPTION
Extent 274p.
Dimensions cm.
490 ## - SERIES STATEMENT
Volume/sequential designation Oth
942 ## - ADDED ENTRY ELEMENTS (KOHA)
Classification part W691.N90, N3
Koha item type Textual
Source of classification or shelving scheme Colon Classification (CC)
Holdings
Withdrawn status Lost status Source of classification or shelving scheme Damaged status Not for loan Home library Current library Date acquired Serial Enumeration / chronology Total Checkouts Full call number Barcode Date last seen Price effective from Koha item type
    Colon Classification (CC)     Department of East Asian Studies Library Department of East Asian Studies Library 2022-10-06 Oth   W691.N90 N3 EA1011637 2022-10-06 2022-10-06 Textual
Copyright @ Delhi University Library System